Arogantný útok na Sýriu
USA znovu zaútočili na Sýriu, ktorej vládne vojská obvinili z údajného použitia chemických látok v meste Dúmá. Opierali sa len o pochybné informácie z miestnych zdrojov. Washington svetu postupne odkazuje, aj keď nemáme dôkazy, máme pravdu. Útok proti Sýrii znovu dokazuje, že Západ vedený USA v podm...
Gespeichert in:
| 1. Verfasser: | |
|---|---|
| Format: | Buchkapitel |
| Sprache: | Slowakisch |
| Schlagworte: | |
| Tags: |
Keine Tags, Fügen Sie das erste Tag hinzu!
|
MARC
| LEADER | 00000naa a2200000 4500 | ||
|---|---|---|---|
| 001 | 0247513 | ||
| 005 | 20240502073948.9 | ||
| 041 | 0 | |a slo | |
| 044 | |a SK | ||
| 245 | 1 | 0 | |a Arogantný útok na Sýriu |c František Škvrnda |
| 520 | |a USA znovu zaútočili na Sýriu, ktorej vládne vojská obvinili z údajného použitia chemických látok v meste Dúmá. Opierali sa len o pochybné informácie z miestnych zdrojov. Washington svetu postupne odkazuje, aj keď nemáme dôkazy, máme pravdu. Útok proti Sýrii znovu dokazuje, že Západ vedený USA v podmienkach, keď už nevie zvíťaziť, stráca čoraz viac racionalitu i sebaovládanie. | ||
| 610 | 2 | 0 | |a politika medzinárodná |
| 610 | 2 | 0 | |a konflikty |
| 610 | 2 | 0 | |a vojny |
| 610 | 2 | 0 | |a sily ozbrojené |
| 610 | 2 | 0 | |a USA |
| 610 | 2 | 0 | |a Sýria |
| 100 | 1 | |a Škvrnda, František | |